000 00385nam a2200145Ia 4500
008 230917s9999||||xx |||||||||||||| ||und||
040 _e109396
_aMAIN
041 _aEnglish
082 _a515.353 D856S
100 _aDuChateau, Paul
245 0 _aSchaum's outlines of partial differential equations
260 _aNew Delhi
_bTata McGraw-Hill
_c2005
300 _a241 p.
942 _cBK
999 _c129716
_d129716